000 00849cab a2200253 4500
001 WB3018-35
008 090401t1994 xxu||||| |||| 00| 0 eng d
035 _a(Sirsi) u47302
041 _aeng
245 _aVisual communication
260 _c1994
350 _a0
490 _aUniversity of Central England
_vDW/MD/1717 May 1994, (4)
520 _aConstruction consultants, Bucknall Austin have established the UK`s first teaching company in the visual communication area with the Birmingham Institute of Art & Design.
650 _aBUCKNALL AUSTIN
650 _aCOMPUTER AIDED DESIGN
650 _aCONSTRUCTION INDUSTRY
650 _aINFORMATION MANAGEMENT SYSTEM
650 _aMULTIMEDIA
650 _aVISUAL COMMUNICATION
690 _aMANAGEMENT-BUSINESS MANAGEMENT-INFORMATION MANAGEMENT
942 _n0
948 _c04/03/1997
999 _c29832
_d29832